00830cam a2200241 a 4500001000500000005001700005020001800022040002300040050002400063082003000087100001400117245009700131260003700228300003700265505000700302520011600309521002600425521001700451650004100468650002500509650002100534700003300555227420231114130228.0 a9780673805485 aDLCcDLCdDLCbeng00aPZ8.3.R78bIaf 199000a782.42162/21/00268aE220 aAnonymous10aI know an old lady who swallowed a fly /cA Traditional Rhyme Illustrated by Slug Signorino  aGlenview :bScottforesman,c1993 a16 pages :billustrationsc23 cm aF  aA cumulative folk song in which the solution proves worse than the predicament when an old lady swallows a fly. a400 bLexile estimate aF bRaz-Plus 0aFolk songs, EnglishzEnglandxTexts. 1aFolk songszEngland. 1aNonsense verses.1 aSignorino, Slugeillustrator